00584nam a2200181Ia 4500008004000000041000800040082001700048100004100065245001300106260002200119300001000141650000800151650000900159690001800168906001100186999001900197952018600216210210b2018 xxu||||| |||| 00| 0 eng d aeng a891.462 JEKM aJEKAB (Drimar) Psued jekab Fernandis aMay ganv aHonnavarb-c2018 aix,42 aMay aganv aKonkani Drama a073269 c123148d123148 001040708KonkaniaALbALcKonkani Literatured2021-02-17eKarnataka Konkani Sahitya Akademi, Mangaluru-575003g60.00l0o891.462 JEKMp073269r2021-02-17 00:00:00w2021-02-17yBK